Věk turbulencí dobrodružství ve světě globální ekonomiky

Saved in:
Bibliographic Details
Main Author: Greenspan, Alan
Other Authors: Orel, Josef
Format: Book
Language:Czech
Published: Praha Fragment 2008
Series:Literární biografie slavných
Subjects:
Tags: Add Tag
No Tags, Be the first to tag this record!

MARC

LEADER 00000nam$a2200000$$$4500
001 0090261
005 20240313090554.1
020 |a 978-80-253-0755-7 
041 0 |a cze 
044 |a CZ 
245 1 0 |a Věk turbulencí  |b dobrodružství ve světě globální ekonomiky  |c Alan Greenspan ; preklad: Josef Orel 
264 1 |a Praha  |b Fragment  |c 2008 
300 |a 552 s. 
490 1 |a Literární biografie slavných 
830 0 |a Literární biografie slavných 
610 2 0 |a hospodárstvo svetové 
610 2 0 |a politika hospodárska 
610 2 0 |a globalizácia hospodárstva 
610 2 0 |a vývoj hospodársky 
610 2 0 |a politika 
610 2 0 |a strany politické 
610 2 0 |a prezidenti 
610 2 0 |a politika medzinárodná 
610 2 0 |a kapitalizmus 
610 2 0 |a rast hospodársky 
610 2 0 |a voľby 
610 2 0 |a trh kapitálový 
610 2 0 |a kríza 
610 2 0 |a banky 
610 2 0 |a korporácie 
610 2 0 |a energetika 
610 2 0 |a štát 
610 2 0 |a regulácia 
610 2 0 |a zadlženosť 
610 2 0 |a príjmy 
610 2 0 |a školstvo 
610 2 0 |a história 
610 2 0 |a osobnosť 
610 2 0 |a biografia 
610 2 0 |a Amerika 
610 2 0 |a Rusko 
610 2 0 |a Latinská Amerika 
100 1 |a Greenspan, Alan 
700 1 |a Orel, Josef